home page   АИС "Историко-культурное наследие Беларуси"
  Базовый | Расширенный | Профессиональный | Словарь персоналий | Тематический словарь | По видам объектов История запросов  Заказы    Регистрация

Запись в MARC-формате

копировать MARC-запись

=LDR  00000nx\\c2200229\\\45\\
=001  BY-NLB-ar3270300
=005  20160330095632.6
=100  \\$a20090818arusy50\\\\\\ca0
=152  \\$apsbo
=160  \\$ae-bw
=215  \\$aКостел Благовещения Наисвятейшей Девы Марии (Трокели, агрогородок; Вороновский район)
=300  1\$aПамятник народного деревянного зодчества с элементами борокко и классицизма. Построен в 1809 г. на месте костела 1740 г. С 1994 г. – диоцезиальный Марийный санктуарий.
=356  \\$aНаходится в агрогородке Трокели Вороновского района Гродненской области.
=415  \\$aКостел Посещения Матери Божией Трокельской (Трокели, агрогородок; Вороновский район)
=415  \\$aКостел Пресвятой Девы Марии (Трокели, агрогородок; Вороновский район)
=415  \\$aТрокельский костел
=515  \\$5w$3BY-NLB-ar3270325$aКасцёл Дабравешчання Найсвяцейшай Дзевы Марыі (Тракелі, аграгарадок; Воранаўскі раён)
=801  \0$aBY$bBY-HM0000$c20090818
=810  \\$aКаталіцкія храмы Беларусі / А. М. Кулагін. — Мінск, 2008.
=810  \\$aКаталіцкія храмы на Беларусі : энцыклапедычны даведнік / А. М. Кулагін. — Мінск, 2000.
=810  \\$aКаранацыя абраза маці божай Тракельскай 5 ліпеня 2009 г. ― Гродна : Гродзенская дыяцэзія Рымска-каталіцкага Касцёла ў Рэспубліцы Беларусь, 2009.
=999  \\$f742$t20090818

Чтобы вернуться назад, щелкните кнопку BACK на Вашем браузере